| 000 | 00732cam a2200217 4500 | ||
|---|---|---|---|
| 001 | ABS61659 | ||
| 008 | 000000n1999 000 0 eng u | ||
| 035 | _a(Sirsi) u103109 | ||
| 100 | _aCorning, B. | ||
| 245 | _aBritain's new silicon implants | ||
| 260 | _c1999 | ||
| 490 |
_aAccountancy _v 124(1276) December 1999, 26-17(2) |
||
| 520 | _a'Clusters' of similar businesses and industries offer advantages to firms. The groups of organisations encourage investors and suppliers and service providers are readily available. | ||
| 590 | _aABS | ||
| 650 | _aCLUSTERS | ||
| 650 | _aTECHNOLOGY COMPANIES | ||
| 650 | _aENTERPRISE HUBS | ||
| 650 | _aHIGH TECH COMPANIES | ||
| 690 | _aPROPERTY-COMMERCIAL PROPERTY | ||
| 942 | _n0 | ||
| 999 |
_c61961 _d61961 |
||